Palmarès Trophée The Best FIFA - Statistiques

Statistiques générales
  • Ce quiz a été pris 780 fois
    127 depuis la dernière actualisation
  • Le résultat moyen est 25 sur 29
Statistiques - réponses
Prix Pays Joueur % Correct
Meilleur Joueur Portugal Cristiano Ronaldo
99%
Meilleur Joueur Portugal Cristiano Ronaldo
99%
Meilleur Joueur Argentine Lionel Messi
98%
Meilleur Joueur Argentine Lionel Messi
98%
Meilleur Joueur Argentine Lionel Messi
98%
Meilleur Joueur Coratie Luka Modric
97%
Meilleur Gardien Belgique Thibaut Courtois
97%
Meilleur Gardien Argentine Emiliano Martínez
96%
Meilleur Gardien Argentine Emiliano Martínez
96%
Gianluigi Donnarumma
96%
Meilleur Gardien Italie Gianuigi Buffon
96%
Ousmane Dembélé
96%
Meilleur Joueur Pologne Robert Lewandowski
96%
Meilleur Joueur Pologne Robert Lewandowski
96%
Meilleur Entraîneur France Didier Deschamps
95%
Meilleur Gardien Allemagne Manuel Neuer
94%
Meilleur Joueur Brésil Vinicius Júnior
94%
Meilleur Entraîneur France Zinédine Zidane
93%
Meilleur Gardien Brésil Alisson
91%
Meilleur Gardien Brésil Ederson
90%
Luis Enrique
90%
Meilleur Entraîneur Italie Carlo Ancelotti
88%
Meilleur Gardien Sénégal Edouard Mendy
88%
Meilleur Entraîneur Allemagne Jürgen Klopp
76%
Meilleur Entraîneur Allemagne Jürgen Klopp
76%
Meilleur Entraîneur Espagnol Pep Guardiola
67%
Meilleur Entraîneur Allemagne Thomas Tuchel
65%
Meilleur Entraîneur Argentine Lionel Scaloni
54%
Meilleur Entraîneur Italie Claudio Ranieri
19%
Aucun quiz correspondant
Distribution des résultats
% des personnes avec chaque résultat
Percentile par nombre de réponses
Votre historique - résultats
Vous n’avez pas pris ce quiz depuis la dernière actualisation